Т. 38, № 5; Тихоокеанская геология

Bibliografiset tiedot
Parent link:Тихоокеанская геология: научный журнал/ Российская академия наук (РАН), Дальневосточное отделение (ДВО), Институт тектоники и геофизики им. Ю. А. Косыгина (ИТиГ). Т. 38, № 5.— , 1983-1995, 2013-.— 0207-4028
Kieli:venäjä
Julkaistu: 2019
Linkit:https://elibrary.ru/contents.asp?id=39537458
Aineistotyyppi: MixedMaterials Elektroninen Kirja
KOHA link:https://koha.lib.tpu.ru/cgi-bin/koha/opac-detail.pl?biblionumber=584408

MARC

LEADER 00000nam2a2200000 4500
001 584408
005 20231101131139.0
035 |a (RuTPU)RU\TPU\prd\285979 
035 |a RU\TPU\prd\285978 
090 |a 584408 
100 |a 20191107a19831995k y0rusy50 ca 
101 0 |a rus 
102 |a RU 
181 0 |a i  
182 0 |a b 
200 0 |a Т. 38, № 5  |b Электронный ресурс 
203 |a Текст  |c электронный 
210 |d 2019 
461 1 |0 (RuTPU)RU\TPU\prd\387  |x 0207-4028  |t Тихоокеанская геология  |o научный журнал  |f Российская академия наук (РАН), Дальневосточное отделение (ДВО), Институт тектоники и геофизики им. Ю. А. Косыгина (ИТиГ)  |v Т. 38, № 5  |d 1983-1995, 2013- 
801 0 |a RU  |b 63413507  |c 20010227  |g PSBO 
801 1 |a RU  |b 63413507  |c 20160418 
801 2 |a RU  |b 63413507  |c 20191107  |g RCR 
856 4 0 |u https://elibrary.ru/contents.asp?id=39537458 
942 |c BK